00528nam a22001457a 4500020001900000040000900019082001900028100003200047245005600079260004300135650006400178942001200242999001900254952010900273 a 9780471128069 cNust a572.8933bAU'T aTony J. Beugelsdijk9127621 aAutomation Technologies for Genome Characterization aNew York:bWiley- Interscience,c1997. aAutomation Technologies for Genome Characterization9125262 2ddccBK c612694d612694 00102ddc4070aCEMEbCEMEcGENd2025-01-16l0o572.8933 AU'TpCEME- 34479r2025-01-16w2025-01-16yBK